Obálka Náhled e-knihy:
Epub
Pro půjčování e-knih musíte být přihlášeni.
Jak si půjčit online?

Paintball /

Uloženo v:
Hlavní autor: Flo, (Autor)
Médium: E-kniha
Jazyk:Czech
Vydáno: Praha : Albatros Media a.s., 2005
Tagy:
Žádné tagy
LEADER 00822nam a22002177i 4500
001 306817
007 ta
008 260601s2005 xr ||||| |||| 00| 0 cze d
020 |a 9990000070503 
044 |a xr 
100 1 |a  Flo,   |4 aut 
245 1 0 |a Paintball /  |c  Flo,  
264 1 |a Praha :  |b Albatros Media a.s.,  |c 2005 
300 |a 1 online zdroj 
336 |a text  |b txt  |2 rdacontent 
337 |a bez média  |b n  |2 rdamedia 
338 |a online zdroj  |b cr  |2 rdacarrier 
910 |a RBIT002 
998 |d 7050  |a https://core.palmknihy.cz/api/books/7050/cover?sc7bct  |b https://core.palmknihy.cz/api/books/7050/cover/400?td6aks  |c https://core.palmknihy.cz/api/books/7050/cover/50?7394hc  |e   |i 9990000070503  |j https://core.palmknihy.cz/api/books/7050/preview.epub  |l   |q 0  |r 1  |s https://www.palmknihy.cz/kniha/7050  |t ebook  |y 2005  |z 1 
999 |d 306815